Famous Andrews by Picture - Statistics

General Stats
  • This quiz has been taken 129 times
  • The average score is 3 of 5
Answer Stats
Picture Answer % Correct
Andrew Jackson
79%
Julie Andrews
74%
Andrew Garfield
69%
Andrew Johnson
52%
Andy Griffith
51%
No matching quizzes found
Score Distribution
Percent of People with Each Score
Percentile by Number Answered
Your Score History
You have not taken this quiz